Srdce z kamene /
Fantaskní středověká romance české autorky. Bude Elisina láska dost silná, aby zlomila staleté prokletí nešťastného krále Coldwellu?
Uloženo v:
| Hlavní autor: | |
|---|---|
| Médium: | E-kniha |
| Jazyk: | Czech |
| Vydáno: |
[Praha] :
Jonathan Livingston,
2023
|
| Témata: | |
| Tagy: |
Žádné tagy |
| LEADER | 02535nam a2200373 i 4500 | ||
|---|---|---|---|
| 001 | 311983 | ||
| 003 | CZ PrSKC | ||
| 005 | 20260601215715.0 | ||
| 007 | ta | ||
| 008 | 230320s2023 xr g 000 f cze | ||
| 015 | |a cnb003508096 | ||
| 020 | |a 9788075512970 |q (brožováno) | ||
| 035 | |a (OCoLC)1378695296 | ||
| 040 | |a ABG001 |b cze |e rda | ||
| 072 | 7 | |a 821.162.3-3 |x Česká próza |2 Konspekt | |
| 080 | |a 821.162.3-31 |2 MRF | ||
| 080 | |a (0:82-312.9) |2 MRF | ||
| 100 | 1 | |a Šenová, Irena |7 xx0283724 |4 aut | |
| 245 | 1 | 0 | |a Srdce z kamene / |c Irena Šenová |
| 264 | 1 | |a [Praha] : |b Jonathan Livingston, |c 2023 | |
| 300 | |a 179 stran ; |c 20 cm | ||
| 336 | |a text |b txt |2 rdacontent | ||
| 337 | |a bez média |b n |2 rdamedia | ||
| 338 | |a svazek |b nc |2 rdacarrier | ||
| 520 | 2 | |a Fantaskní středověká romance české autorky. Bude Elisina láska dost silná, aby zlomila staleté prokletí nešťastného krále Coldwellu? |b Elisa Lynwoodová přijíždí do panství Coldwell, aby se vdala za muže, kterého pořádně nezná. Netuší, co ji v daleké zemi čeká. Její otec domluvil sňatek s Rodanem, králem Coldwellu. Ocitá se v království, kde slunce zapadlo před mnoha staletími, kde měsíc svítí stále na obzoru, kde láska je neznámé slovo. Panovníka i jeho zemi proklela nenávistná žena. Mnohokrát se snažil zbavit zemi kletby a sebe své trýzně a trápení. Mnohokrát za stovky let chtěl najít cestu k usmíření v náruči smrti. Bohužel mu to nikdy nebylo dopřáno. Vládne své zemi tvrdou rukou, je nesmlouvavý a nebezpečně silný. Lidé se ho bojí, někteří jej nenávidí, jiní s ním soucítí. Všichni čekají na vysvobození z ukrutného jha. Bezmála devět století čeká král na tu pravou. Na ženu, která jediná přežije první rok jejich manželství a dá mu syna. Bude snad tou pravou Elisa? Nakladatelská anotace. | |
| 655 | 7 | |a české romány |7 fd133974 |2 czenas | |
| 655 | 7 | |a fantasy romány |7 fd184199 |2 czenas | |
| 655 | 9 | |a Czech fiction |2 eczenas | |
| 655 | 9 | |a fantasy novels |2 eczenas | |
| 900 | |a ABA001 |b 19 | ||
| 044 | |a xr | ||
| 910 | |a RBIT002 | ||
| 998 | |d 380064 |a https://core.palmknihy.cz/api/books/380064/cover?rxhqug |b https://core.palmknihy.cz/api/books/380064/cover/400?rxhqug |c https://core.palmknihy.cz/api/books/380064/cover/50?rxhqug |e 2028-06-30 |g 180 |i 9788075512970 |j https://core.palmknihy.cz/api/books/380064/preview.epub |k https://core.palmknihy.cz/api/books/380064/preview.pdf |l |q 49 |r 1 |s https://www.palmknihy.cz/kniha/380064 |t ebook |y 2023 |z 0 | ||
| 999 | |d 311981 | ||